| 000 | 00665nam a2200301Ia 4500 | ||
|---|---|---|---|
| 005 | 20260401122320.0 | ||
| 008 | 008 250103s9999 xx 000 0 eng d | ||
| 020 | _a745315739 | ||
| 037 | _aTB | ||
| 040 | _aEDL | ||
| 040 | _beng | ||
| 040 | _cEDL | ||
| 041 | _2eng | ||
| 041 | _aeng | ||
| 084 | _a838.912 LES | ||
| 084 | _qEDL | ||
| 100 |
_aLeslie, Esther _91233218 |
||
| 245 | 0 | _aWalter Benjamin: Overpowering Conformism | |
| 245 | 0 | _cLeslie, Esther | |
| 260 | _aLondon | ||
| 260 | _bPluto Press | ||
| 260 | _c2000 | ||
| 300 | _a298p | ||
| 942 | _cTB | ||
| 942 | _h838.912 LES | ||
| 999 |
_c1846453 _d1846453 |
||